00198nam a2200085 4500082001500000100001900015245003500034260003500069300000800104 a541036 KUB aO.Kubaschewski aMetallurgical Thermo Chemistry aNew yorkbPergamon Pressc1979 a449